Представление документа в формате RUSMARC

ПолеНазваниеЗначение
  Тип записи i
  Библиографический уровень m
001 Контрольный номер LIBNET\0000579461
005 Дата корректировки 20260624141610.2
010 Индекс ISBN __
a ISBN (в кор.)
d Цена 149-75
100 Данные общей обработки __
a Данные общей обработки 19151012d2013####||| 0rusy0189 ca
101 Язык документа 1_
a Язык текста rus
c Язык оригинала eng
102 Страна публикации __
a Страна публикации RU|
105 Кодированные данные (монография) __
a Кодированные данные (монография) nn|||||||f|zy
127 Кодированные данные (звукозаписи-физические характеристики) __
a Продолжительность проигрывания 08 ч 29 мин
200 Заглавие и сведения об ответственности 1_
a Заглавие Всадник без головы
e Сведения, относящиеся к заглавию [аудиокнига : перевод с английского : 12+]
f Первые сведения об ответственности Майн Рид ; читает Петр Каледин
b Общее обозначение материала Звукозапись
210 Выходные данные 1_
a Место издания Москва
c Издательство АРДИС
d Дата издания 2013
215 Физическое описание __
a Объем 1 электрон. опт. диск (Audio CD)
c Иллюстрации/тип воспроизводства mp3, stereo
d Формат 12х14 см
225 Серия 2_
a Серия Фантастика и приключения
225 Серия 2_
a Серия Аудиокнига
230 Специфическая характеристика материала: электронные ресурсы __
a Обозначение и объем ресурса Электронные звуковые данные
300 Общие примечания __
a Общие примечания Загл. с этикетки диска
323 Примечание о главных создателях, исполнителях, участниках __
a Примечание о главных создателях, исполнителях, участниках Каледин, П. (читает)
330 Аннотация __
a Аннотация Самое известное произведение Томаса Майна Рида. Мастерски построенный сюжет романа, основанный на раскрытии загадочного преступления, совершенного в Техасе в середине прошлого столетия, держит читателя в напряжении до последнего. Странный всадник движется в ясном лунном свете по ночной саванне, наводя ужас на ее обитателей. У всадника нет головы. Кто он? Привидение, дьявол или человек?
333 Примечание о целевом назначении __
a Примечание о целевом назначении 12+. Для детей старше 12 лет
337 Примечание о системных требованиях (электронные ресурсы) __
a Примечание о системных требованиях (электронные ресурсы) Системные требования: ПК: MS Windows ; Pentium 100 ; RAM 16 Мб ; SVGA, 600х800 ; CD-ROM ; зв. карта ; колонки или наушники или аудиосистемы: музык. центр ; CD/DVD-плеер и т.д.
606 Тематические рубрики __
a Основная рубрика Художественная литература
606 Тематические рубрики __
a Основная рубрика Литература Европы (произведения)
y Географическая подрубрика Англия
y Географическая подрубрика Великобритания
610 Ключевые слова 0_
a Ключевые слова английская литература
a Ключевые слова зарубежная литература
a Ключевые слова иностранная литература
a Ключевые слова романы
a Ключевые слова тема любви
a Ключевые слова тема предательства
a Ключевые слова тема приключений
a Ключевые слова тема убийств
686 Индексы других классификаций __
2 Код системы rubbks
a Классификационный индекс 84(4Вел)52-445я04; ст84(4Вел)-4я0
700 Автор _1
a Фамилия Рид
b Имя Т. М.
f Даты 1818-1883
g Полное личное имя Томас Майн
4 Код отношения 070
801 Источник записи _0
a Страна RU
b Организация Муниципальное бюджетное учреждение культуры "Централизованная библиотечная система" г. Сургут (Центральная городская библиотека им. А. С. Пушкина)
c Дата составления 20151012
g Правила каталогизации КиК/Апакова
801 Источник записи _1
a Страна RU
b Организация Муниципальное бюджетное учреждение культуры "Централизованная библиотечная система" г. Сургут (Центральная городская библиотека им. А. С. Пушкина)
c Дата составления 20151012
g Правила каталогизации КиК/Апакова
852 Данные о местонахождении __
j Шифр хранения 84(4Вел)52-445я04
i Авторский знак Р 49
901 Тип документа __
t Тип документа 0
903 Характеристики (МАРС) __
a Дата передачи 20151012
969 Тип издания __
a Тип издания аудиокнига; издание для слепых
990 Данные о заказе (DOS) __
j Количество экземпляров (DOS) 9
t N записи в КСУ для И/У (DOS) 201510